22 Scottish Football Crests - Statistics

General Stats
  • This quiz has been taken 453 times
    189 since last reset
  • The average score is 13 of 22
Answer Stats
Picture Answer % Correct
Celtic
99%
Rangers
99%
Aberdeen
95%
Heart of Midlothian
95%
Hibernian
82%
Dundee United
74%
Dundee
72%
Motherwell
71%
Ross County
68%
Kilmarnock
66%
St Mirren
61%
Livingston
55%
Falkirk
53%
St Johnstone
53%
Partick Thistle
47%
Ayr United
37%
Dunfermline Athletic
36%
Queen's Park
32%
Raith Rovers
31%
Airdrieonians
26%
Greenock Morton
24%
Arbroath
21%
No matching quizzes found
Score Distribution
Percent of People with Each Score
Percentile by Number Answered
Your Score History
You have not taken this quiz since the last reset